000 00801nam a22002177a 4500
999 _c9870
_d9870
003 AR-CdUCM
008 190328b ||||| |||| 00| 0 spa d
040 _aMUNICIPALIDAD PROVINCIAL DEL CUSCO
_cBIBLIOTECA MUNICIPAL DEL CUSCO
082 _aC / 985.7 /
_bS19
100 _aSamanez y Ocampo, Jose B.
_926370
245 _aLos rios peruanos :
_bApurimac, Eni, Tambo, Ucayali y Urubamba /
260 _aLima :
_bSesator,
_c1980.
300 _a174 páginas ;
_bláminas.
_c21 cm.
505 _aContenido: Diario de expedición -- La amazonia peruana -- El nuevo ferrocarril del Perú -- Diario de la expedición cascarillera en1878...
650 _aRíos peruanos.
_926371
650 _aApurimac.
_91025
650 _aUrubamba.
_91753
650 _aTambo.
_926372
942 _2ddc
_cLIBROS
945 _awfj